| 000 | 00899nam a2200253 a 4500 | ||
|---|---|---|---|
| 001 | 43626 | ||
| 003 | BD-RjUL | ||
| 005 | 20211209053727.0 | ||
| 008 | 160625s1967 enk 001 0 eng | ||
| 035 | _a(BD-RjUL)43744 | ||
| 035 | _a(OCoLC)232807 | ||
| 040 |
_aDLC _cOCoLC _dOCoLC _dUk _dDLC _dBD-RjUL _beng |
||
| 041 | _aeng | ||
| 082 |
_a331.890967 _bROC 1967 |
||
| 100 | 1 |
_aRoberts, B. C. _q(Benjamin Charles), _d1917- _9134035 |
|
| 245 | 1 | 0 |
_aCollective bargaining in African countries / _cB. C. Roberts and L. Greyfie De Bellecombe |
| 260 |
_aLondon : _bMacmillan, _aNew York : _bSt. Martin's Press, _c1967. |
||
| 300 |
_axviii, 158 p. ; _c22 cm. |
||
| 500 | _aIncludes index | ||
| 650 | 0 |
_aCollective bargaining _zAfrica, Sub-Saharan. _9134036 |
|
| 700 | 2 |
_aGreyfiƩ de Bellecombe, Louis, _ejoint author. _9134037 |
|
| 710 | 2 |
_aInternational Institute for Labour Studies _9134038 |
|
| 942 |
_2ddc _cBK |
||
| 999 |
_c43626 _d43626 |
||